000 00677nam a2200241Ia 4500
003 OSt
005 20220925225016.0
006 a|||||r|||| 00| 0
007 ta
008 220923b |||||||| |||| 00| 0 eng d
020 _a0415098262
037 _cGeneral Book
040 _aRTL
_cRTL
_beng
041 _2eng
_aeng
082 _aX95.1(X).N9, N3
100 _aRamanadham V. V. Ed.
245 0 _aConstraints and impacts of privatization
260 _aLondon
_bRoutledge U. K.
_c1993
300 _axv, 378p.
_ccm.
650 _aPrivate Sector Economics
942 _hX95.1(X).N9, N3
_cGB
_2CC
999 _c582750
_d582750